000 00736nam a22002894a 4500
001 UByD003071
003 AR-LpoUNG
005 20240816150253.0
008 240814s1994||||ag a b 6 000|1 spa d
020 _a8448801989
040 _aAR-LpoUNG
_bspa
_cAR-LpoUNG
_eaacr
041 1 _aspa
044 _aag
082 0 4 _a808.068 3 652rey
_220
100 1 _aCobielles, Francisco J.
_etr.
_4adp
245 1 3 _aEl rey león
250 _a1ra. ed.
260 _aBeascoa :
_bPlaneta,
_c1994.
300 _a48 p. :
_bil.
505 0 _aSugerido a partir de 8 años (etiqueta CELESTE)
650 4 _aCUENTOS
650 4 _aLITERATURA
650 4 _aHISTORIETA
653 0 _aLITERATURA INFANTIL
905 _a50234
942 _cLIB
_2ddc
999 _c65662
_d65662